La muchedumbre solitaria / (Record no. 127511)

MARC details
000 -LEADER
campo de control de longitud fija 00745nam a2200241 4500
001 - NÚMERO DE CONTROL
campo de control 127511
003 - IDENTIFICADOR DE NÚMERO DE CONTROL
campo de control ES-MaACL
005 - FECHA Y HORA DE LA ÚLTIMA TRANSACCIÓN
campo de control 20230906193027.0
007 - CAMPO FIJO DE DESCRIPCIÓN FÍSICA--INFORMACIÓN GENERAL
campo de control de longitud fija t|
008 - DATOS DE LONGITUD FIJA--INFORMACIÓN GENERAL
campo de control de longitud fija 070214s1981 sp r ||||1| spa d
020 ## - NÚMERO INTERNACIONAL ESTÁNDAR DEL LIBRO
Número Internacional Estándar del Libro 84-7509-119-9
100 1# - ENTRADA PRINCIPAL--NOMBRE DE PERSONA
Nombre de persona Riesman, David.
9 (RLIN) 97161
245 13 - MENCIÓN DEL TÍTULO
Título La muchedumbre solitaria /
Mención de responsabilidad, etc. David Riesman, Nathan Glazer, Revel Denney ; traducción de Noemí Rosemblat.
260 ## - PUBLICACIÓN, DISTRIBUCIÓN, ETC.
Lugar de publicación, distribución, etc. Barcelona :
Nombre del editor, distribuidor, etc. Paidós,
Fecha de publicación, distribución, etc. 1981.
300 ## - DESCRIPCIÓN FÍSICA
Extensión 375 p. ;
Dimensiones 19 cm.
490 1# - MENCIÓN DE SERIE
Mención de serie Paidós estudio ;
Designación de volumen o secuencia 20
700 1# - ENTRADA AGREGADA--NOMBRE PERSONAL
Nombre de persona Glazer, Nathan.
9 (RLIN) 57418
700 1# - ENTRADA AGREGADA--NOMBRE PERSONAL
Nombre de persona Denney, Revel.
9 (RLIN) 43721
700 1# - ENTRADA AGREGADA--NOMBRE PERSONAL
Nombre de persona Rosemblat, Noemí.
9 (RLIN) 99709
830 0# - PUNTO DE ACCESO ADICIONAL DE SERIE-TÍTULO UNIFORME
Título uniforme Paidós estudio ;
Designación de volumen o secuencia 20
9 (RLIN) 219200
852 ## - LOCALIZACIÓN
Ubicación ES-MaACL
Número de control de estantería L-10006
Sublocalización o colección R.11985
Holdings
Estatus retirado Estado de pérdida Estado de daño No para préstamo Biblioteca de origen Biblioteca actual Ubicación en estantería Fecha de adquisición Fuente de adquisición Total de préstamos Signatura topográfica completa Código de barras Visto por última vez Precio de reemplazo Tipo de ítem Koha
        Biblioteca del Ateneo de Madrid Biblioteca del Ateneo de Madrid Depósito 2 17/01/2008     L-10006 1132810 23/02/2023 23/02/2023 Libro impreso